10 najbardziej południowych stanów USA - Statystyki

Ogólne statystyki
  • Ten quiz został rozwiązany 29 razy
  • Średni wynik to 8 z 10
Statystyki odpowiedzi
szerokość stan % Poprawnych
25.84 °N Teksas
100%
24.52 °N Floryda
96%
31.33 °N Nowy Meksyk
96%
18.91 °N Hawaje
88%
31.33 °N Arizona
85%
30.19 °N Alabama
81%
28.92 °N Luizjana
81%
30.36 °N Georgia
73%
32.02 °N Karolina Południowa
62%
30.22 °N Mississipi
62%
Nie znaleziono quizów pasujących do podanych kryteriów
Rozkład punktacji
Procent ludzi z każdym wynikiem
Percentyl według liczby udzielonych odpowiedzi
Twoja historia wyników
Nie rozwiązałeś tego quizu